Loading...
| Science - Biology | 0 | 2 | 0 | 0 | 20 | 91 | 94.50 | 0 | 0 |
| Current Events | 0 | 2 | 0 | 1 | 20 | 46 | 72.50 | 0 | 0 |
| Science - Chemistry | 0 | 2 | 1 | 1 | 15 | 60 | 73.50 | 0 | 0 |
| History - American History | 0 | 1 | 0 | 0 | 10 | 109 | 109.00 | 0 | 0 |
| Literature - British Literature | 0 | 1 | 0 | 0 | 10 | 38 | 38.00 | 0 | 0 |
| Pop Culture | 0 | 1 | 0 | 0 | 10 | 41 | 41.00 | 0 | 0 |
| Science - Physics | 0 | 1 | 0 | 1 | 10 | 112 | 112.00 | 0 | 0 |
| Social Science | 0 | 1 | 0 | 1 | 10 | 105 | 105.00 | 0 | 0 |
| Fine Arts - Classical Music | 0 | 1 | 0 | 0 | 10 | 92 | 92.00 | 0 | 1 |
| Fine Arts - Other Fine Arts | 0 | 1 | 0 | 0 | 10 | 65 | 65.00 | 1 | 1 |
| Religion | 0 | 0 | 1 | 0 | -5 | 0.00 | 0 | 0 |